Detalles MARC
| 000 -LIDER |
| fixed length control field |
01709cam a22003733a 4500 |
| 001 - NÚMERO DE CONTROL |
| Identificador de número de control |
|
| 003 - IDENTIFICACDOR DE NÚMERO DE CONTROL |
| control field |
DO-SdBNP |
| 005 - DATE AND TIME OF LATEST TRANSACTION |
| control field |
20230208070730.0 |
| 008 - ELEMENTOS DE LONGITUD FIJA |
| fixed length control field |
970915s1997 dr b 010 0 spa d |
| 010 ## - NUMERO DE CONTROL DE BIBLIOTECA DEL CONGRESO |
| LC control number |
|
| 020 ## - ISBN |
| International Standard Book Number |
9768156473 |
| 040 ## - FUENTE DE CATALOGACIÓN |
| Agencia que crea de manera original el registro |
BPMSU |
| Idioma de catalogación |
spa |
| Agencia que realiza la transcripción |
BPMSU |
| Agencia que realiza la modificación |
|
| -- |
|
| 082 #4 - NÚMERO DE CLASIFICACIÓN DECIMAL DE DEWEY |
| Classification number |
923.7 |
| Item number |
U75V 1997 |
| Edition number |
22 |
| 100 1# - ASIENTO PRINCIPAL -- NOMBRE PERSONAL |
| Nombre personal |
Vicioso, Sherezada, |
| Fechas asociadas con el nombre |
1948- |
| 245 10 - MENCIÓN DE TITULO |
| Título |
Salomé Ureña de Henríquez (1850-1897) : |
| Subtítulo |
a cien años de un magisterio / |
| Mención de responsabilidad |
Sherezada Vicioso (Chiqui). |
| 250 ## - MENCIÓN DE EDICION |
| Mención de edición |
|
| 260 ## - PUBLICACIÓN, DISTRIBUCIÓN, ETC. (PIE DE IMPRENTA) |
| Lugar de publicación, distribución, etc |
Santo Domingo, República Dominicana : |
| Nombre del editor, distribuidor, etc. |
Comisión Permanente de la Feria Nacional del Libro, |
| Fecha de publicación, distribución, etc |
1997. |
| 300 ## - DESCRIPCIÓN FÍSICA |
| Extensión |
48 p. ; |
| Dimensiones |
21 cm. |
| 500 ## - NOTA GENERAL |
| Nota general |
"Edición especial de la XXIV Feria Nacional del Libro, Salomé Ureña de Henríquez, 1997." |
| 500 ## - NOTA GENERAL |
| Nota general |
Incluye datos biográficos del autora en al contracubierta |
| 500 ## - NOTA GENERAL |
| Nota general |
"Centenario de Salomé Ureña de Henríquez." |
| 500 ## - NOTA GENERAL |
| Nota general |
Incluye referencias bibliográficas y notas al pie de las páginas |
| 504 ## - NOTA DE BIBLIOGRAFÍA, ETC. |
| Bibliography, etc |
Biblografía : (p. 47-48). |
| 505 ## - NOTA DE CONTENIDO |
| Texto normalizado de contenido |
La República Dominicana de Salomé -- Praxis poética -- El positivismo -- La creación del Instituto de Señoritas Salomé Ureña de Henríquez -- Referencias. |
| 590 ## - NOTA LOCAL |
| Enlace |
Inventariado, 2021/VM |
| 600 14 - ENCABEZAMIENTO DE MATERIA--NOMBRE PERSONAL |
| Nombre personal |
Ureña de Henríquez, Salomé, |
| Fechas asociadas con el nombre |
1850-1897. |
| Subdivisión temática general |
Crtica e interpretación |
| 610 24 - ENCABEZAMIENTO DE MATERIA--NOMBRE CORPORATIVO |
| Nombre corporativo o de jurisdicción |
Instituto de Señoritas Salomé Ureña (República Dominicana) |
| 650 #4 - ENCABEZAMIENTO DE MATERIA--TEMÁTICO |
| Término temático o nombre geográfico como elemento de entrada |
Poesía dominicana |
| Subdivisión temática general |
Mujeres autoras |
| -- |
Historia y crítica |
| 650 #4 - ENCABEZAMIENTO DE MATERIA--TEMÁTICO |
| Término temático o nombre geográfico como elemento de entrada |
Literatura dominicana |
| 650 #4 - ENCABEZAMIENTO DE MATERIA--TEMÁTICO |
| Término temático o nombre geográfico como elemento de entrada |
Mujeres |
| Subdivisión temática general |
Educación |
| Subdivisión geográfica |
República Dominicana |
| Subdivisión temática general |
Historia |
| 711 2# - ASIENTO SECUNDARIO -- NOMBRE DE REUNIÓN |
| Nombre de reunión o jurisdicción como elemento de entrada |
Feria Nacional del Libro |
| Número de la parte, sección o reunión |
(24 : |
| Fecha de la reunión o acuerdo |
1997 : |
| Lugar de la reunión |
Santo domingo ) |
| 910 ## - VALIDACIÓN |
| Validación |
VMateoV.Control de calidad |
| 942 ## - ADDED ENTRY ELEMENTS (KOHA) |
| Source of classification or shelving scheme |
Dewey Decimal Classification |
| Koha item type |
Libros |